|
|
|
|
| LEADER |
00000naa2a2200000 4500 |
| 001 |
624799 |
| 005 |
20240112142019.0 |
| 035 |
|
|
|a (RuTPU)RU\TPU\conf\24059
|
| 035 |
|
|
|a RU\TPU\conf\24058
|
| 090 |
|
|
|a 624799
|
| 100 |
|
|
|a 20171130d2017 k y0rusy50 ca
|
| 101 |
0 |
|
|a rus
|
| 102 |
|
|
|a RU
|
| 105 |
|
|
|a y z 101zy
|
| 135 |
|
|
|a drgn ---uucaa
|
| 181 |
|
0 |
|a i
|
| 182 |
|
0 |
|a b
|
| 200 |
1 |
|
|a Особенности применения Т-образной обратной связи в тераомметрах
|f Н. И. Ермошин, Е. В. Якимов
|g науч. рук. А. Е. Гольдштейн
|
| 203 |
|
|
|a Текст
|c электронный
|
| 225 |
1 |
|
|a Информационно-измерительная техника
|
| 300 |
|
|
|a Заглавие с экрана
|
| 463 |
|
0 |
|0 (RuTPU)RU\TPU\conf\23960
|t Ресурсоэффективные системы в управлении и контроле: взгляд в будущее
|o сборник научных трудов VI Международной конференции школьников, студентов, аспирантов, молодых ученых, 9 -14 октября 2017 г., г. Томск
|f Национальный исследовательский Томский политехнический университет (ТПУ)
|v [С. 78]
|d 2017
|
| 610 |
1 |
|
|a электронный ресурс
|
| 610 |
1 |
|
|a труды учёных ТПУ
|
| 610 |
1 |
|
|a обратные связи
|
| 610 |
1 |
|
|a тераомметры
|
| 610 |
1 |
|
|a преобразователи
|
| 610 |
1 |
|
|a сопротивления
|
| 610 |
1 |
|
|a напряжения
|
| 700 |
|
1 |
|a Ермошин
|b Н. И.
|
| 701 |
|
1 |
|a Якимов
|b Е. В.
|c специалист в области контрольно-измерительной техники
|c доцент Томского политехнического университета, кандидат технических наук
|f 1975-
|g Евгений Валерьевич
|3 (RuTPU)RU\TPU\pers\28181
|9 13139
|
| 702 |
|
1 |
|a Гольдштейн
|b А. Е.
|c специалист в области неразрушающего контроля
|c профессор Томского политехнического университета, доктор технических наук
|f 1954-
|g Александр Ефремович
|4 727
|
| 712 |
0 |
2 |
|a Национальный исследовательский Томский политехнический университет (ТПУ)
|b Институт неразрушающего контроля (ИНК)
|b Кафедра физических методов и приборов контроля качества (ФМПК)
|3 (RuTPU)RU\TPU\col\18709
|
| 801 |
|
2 |
|a RU
|b 63413507
|c 20171205
|g RCR
|
| 856 |
4 |
|
|u http://earchive.tpu.ru/handle/11683/44689
|
| 942 |
|
|
|c BK
|